=LDR 00000nam 2200000 4500 =001 INLIS000000000029676 =005 20130612131906 =008 ***********************************Ind** =035 ##$$0010-061300000029676 =041 ##$$a Ind =082 ##$$a 613.042 =090 ##$$a 613.042, Har k =100 ##$$a Hardinge, Mervyn G =245 ##$$a Kiat keluarga sehat mencapai hidup prima dan bugar, Mervyn G Hardinge ; penerjemah, P.A Siboro ; editor, J.F Manulang =260 ##$$a 2006 $b Bandung =300 ##$$a 2 Jil, 26 cm =650 ##$$a Kesehatan Keluarga =850 ##$$a NBPNMAT